Bienvenido a nuestro catálago, Biblioteca Universidad Monteávila

Sed buenos ciudadanos (Registro nro. 825)

Detalles MARC
000 -CABECERA
campo de control de longitud fija 01161nam a2200277 4500
005 - FECHA Y HORA DE LA ÚLTIMA TRANSACCIÓN
campo de control 20260306134550.0
007 - CAMPO FIJO DE DESCRIPCIÓN FÍSICA--INFORMACIÓN GENERAL
campo de control de longitud fija ta
008 - DATOS DE LONGITUD FIJA--INFORMACIÓN GENERAL
campo de control de longitud fija 220524s1999 ve |||||r|||| 00| 0 spa d
020 ## - ISBN
Número Internacional Estándar del Libro 9803540696
040 ## - FUENTE DE LA CATALOGACIÓN
Centro catalogador/agencia de origen vecauma
Centro/agencia transcriptor vecauma
Centro/agencia modificador vecauma
099 ## - Cota
Número de clasificación JA75.7
Cutter C3
100 1# - AUTOR PERSONAL
9 (RLIN) 1141
Nombre de persona Castro Leiva, Luis,
Fechas asociadas al nombre 1943-1999
245 10 - MENCIÓN DE TÍTULO
Título Sed buenos ciudadanos
260 ## - PUBLICACIÓN, DISTRIBUCIÓN, ETC.
Lugar de publicación, distribución, etc. Caracas :
Nombre del editor, distribuidor, etc. Alfadil :
-- Instituto Universitario Seminario Interdiocesano,
Fecha de publicación, distribución, etc. 1999.
300 ## - DESCRIPCIÓN FÍSICA
Extensión 239 p.
490 0# - MENCIÓN DE SERIE
Mención de serie Colección trópicos
Designación de volumen o secuencia 64
490 0# - MENCIÓN DE SERIE
Mención de serie Colección Santa Rosa de Lima
Designación de volumen o secuencia 4
504 ## - NOTA DE BIBLIOGRAFÍA, ETC.
Nota de bibliografía, etc. Incluye referencias bibliográficas.
520 ## - SUMARIO, ETC.
Sumario, etc. Los ensayos que componen este libro tienen un horizonte común: el de desmontar las fragilidades, confusiones, paradojas y certezas de nuestra cultura pública, develando las prácticas y costumbres que componen el retrato colectivo de un país que por narciso no se quiere ver a sí mismo en su realidad.
650 #0 - PUNTO DE ACCESO ADICIONAL DE MATERIA--TÉRMINO DE MATERIA
9 (RLIN) 1140
Término de materia POLITICA Y CULTURA
650 #0 - PUNTO DE ACCESO ADICIONAL DE MATERIA--TÉRMINO DE MATERIA
Término de materia ETICA POLITICA
9 (RLIN) 653
650 #0 - PUNTO DE ACCESO ADICIONAL DE MATERIA--TÉRMINO DE MATERIA
Término de materia FILOSOFIA POLITICA
9 (RLIN) 506
651 #0 - PUNTO DE ACCESO ADICIONAL DE MATERIA--NOMBRE GEOGRÁFICO
Nombre geográfico VENEZUELA
Subdivisión general POLITICA Y GOBIERNO
Subdivisión cronológica SIGLO XX
9 (RLIN) 16
942 ## - ELEMENTOS DE ENTRADA AGREGADA (KOHA)
Fuente del sistema de clasificación o colocación Library of Congress Classification
Ocultar en OPAC No
Tipo de ítem Koha Libros
Existencias
Estado de retiro Estado de pérdida Fuente del sistema de clasificación o colocación Estado dañado No para préstamo Código de colección Localización permanente Ubicación/localización actual Ubicación en estantería Fecha de adquisición Número de inventario Total de préstamos Cota Código de barras Fecha visto por última vez Precio válido a partir de Tipo de ítem Koha
    Library of Congress Classification     Colección general Biblioteca Universidad Monteávila Biblioteca Universidad Monteávila Colección general 24/05/2022 17822   JA75.7 C3 2022-1064 24/05/2022 24/05/2022 Libros

Copyright @ UMA Library
Universidad Monteávila Caracas, Venezuela

Edif. Sede principal Universidad Monteávila. Av. El Buen Pastor. Boleíta Norte. Caracas. 
Customized by Universidad Monteávila

Con tecnología Koha